000
00244nam a2200097Ia 4500
001
737090
005
20250826163925.0
008
250824s9999 xx 000 0 und d
245
0
_a
TEKİN YILDIZI
_c
ALİ SAÇIKARA
260
_b
ATLI KARINCA YAYINLARI
999
_c
737090
_d
737090